Statistics for 15 Extremely Difficult Geography Questions

Click here to take the quiz!

General Stats

  • This quiz has been taken 33 times
  • The average score is 3 of 15

Answer Stats

Question Answer % Correct
Which Pacific island nation colonized by the Germans has its capital at Yaren?Nauru
97%
Flin Flon is on the border of what two Canadian provinces?Saskatchewan
55%
Flin Flon is on the border of what two Canadian provinces?Manitoba
48%
What is the 3rd largest island in Malta?Comino
19%
Lorentz National Park and the city of Sorong are on what island?New Guinea
16%
What country has the cities of Manta, Ibarra, and Ambato?Ecuador
10%
Which river flows through Bakersfield, California?Kern River
10%
Which island, the 2nd largest in its country, is the easternmost in Mauritius?Rodrigues Island
10%
Which mountain, higher than South Africa's high point, is the highest in Lesotho?Thabana Ntlenyana
6%
Which Nigerian city is at the confluence of the Niger and Benue Rivers?Lokoja
6%
Name the second most populous island belonging to Iran.Kish
6%
What is the last name of the Bhutanese royal family?Wangchuck
6%
What major lake is on the border of Uruguay and Brazil?Lago Mirim
6%
Which island is the easternmost point in Namibia?Impalia Island
3%
What is the northernmost canton of Luxembourg?Clervaux
0%

Score Distribution

Percentile by Number Answered

Percent of People with Each Score

Your Score History

You have not taken this quiz